000 00500nam a2200193Ia 4500
005 20260429111925.0
008 260429s9999||||xx |||||||||||||| ||und||
020 _a9789394883116
041 _aEnglish
082 _a510
_bSIN
100 _aSingh, J.P.
245 0 _aApplied mathematics /
_cJ.P. Singh
250 _a1st ed.
260 _aNew Delhi :
_bAne Books Pvt. Ltd.,
_c2023.
300 _aix, p.; hb
650 _a Mathematical methods
650 _aApplied mathematics
942 _cTB
999 _c51451
_d51451